000 00500nam a2200181Ia 4500
005 20250923144418.0
008 008 250917s9999 xx 000 0 eng d
037 _aTextual
040 _aDSWL
_beng
_cDSWL
041 _aeng
_2eng
084 _aS:86, J1
_qDSWL
100 _aMckenzie, John G
_9824632
245 0 _aNervous disorders and religion
_cby John G Mckenzie
260 _aLondon
_c1951
300 _a183 p.
942 _cTEXL
_hS:86, J1
999 _c1438526
_d1438526